Fr. Conceicao Rodrigues College of Engineering

Higher Mathematics For Beginners (Record no. 31069)

MARC details
000 -LEADER
fixed length control field 00286nam a2200133Ia 4500
082 ## - DEWEY DECIMAL CLASSIFICATION NUMBER
Classification number 518
100 ## - MAIN ENTRY--PERSONAL NAME
Personal name Zeldovich/Y.B
245 ## - TITLE STATEMENT
Title Higher Mathematics For Beginners
260 ## - PUBLICATION, DISTRIBUTION, ETC.
Name of publisher, distributor, etc. Mir Publishers
Place of publication, distribution, etc. Moscow
Date of publication, distribution, etc. 1973
300 ## - PHYSICAL DESCRIPTION
Extent 496
546 ## - LANGUAGE NOTE
Language note ENGLISH
654 ## - SUBJECT ADDED ENTRY--FACETED TOPICAL TERMS
Focus term maths
942 ## - ADDED ENTRY ELEMENTS (KOHA)
Koha item type BOOK
Holdings
Withdrawn status Lost status Damaged status Not for loan Collection Home library Current library Date acquired Cost, normal purchase price Inventory number Total Checkouts Full call number Barcode Date last seen Cost, replacement price Price effective from Koha item type
        AFT Fr. Agnel's C.Rodrigues College of Engineering Fr. Agnel's C.Rodrigues College of Engineering 17/03/2023 8.00 P.P.H.5602   518 AFT1327 17/03/2023 8.00 17/03/2023 BOOK